000 00220nam a2200109Ia 4500
100 _aDept of Chemistry
942 _cBK
245 _aChemistry lecture notes - Sem 1
260 _b#N/A
546 _aENGLISH
999 _c30979
_d30979